000 00789nam a22001937a 4500
003 OSt
005 20251107132946.0
008 251107b |||||||| |||| 00| 0 eng d
040 _c0
082 _aDPer 372.83044 SoI31 September 2022-April 2023 v. 35 n. 1-4
100 _aKeegan, Patrick.
_eauthor.
_969302
245 _aReframing black resistance to enslavement through children's literature and primary sources /
_cPatrick Keegan and Keith Gough.
260 _aNCSS Publication ;
_cJanuary-February 2023.
300 _aVolume 35, pages 26-32 :
_billustration ;
_c28 cm.
500 _aSocial Studies and the Young Learner, vol. 35, no. 3, pages 26-32, January/February 2023.
700 _aKeegan, Patrick.
_eauthor.
_969302
710 _aGough, Keith.
_eauthor.
_969303
942 _2ddc
_cPER
999 _c24174
_d24174